[Event "Saratov SGSEU-ch op"]
[Site "Saratov"]
[Date "2008.09.26"]
[Round "9"]
[White "Makalov, Denis"]
[Black "Rjanova, Valery"]
[Result "1/2-1/2"]
[WhiteElo "2185"]
[BlackElo "1992"]
[PlyCount "77"]
[EventDate "2008.09.10"]
[EventType "swiss"]
[EventRounds "9"]
[EventCountry "RUS"]
[SourceTitle "EXT 2022"]
[Source "ChessBase"]
[SourceDate "2021.10.06"]
[SourceVersion "1"]
[SourceVersionDate "2021.10.06"]
[SourceQuality "1"]

1. e4 c5 2. Nf3 d6 3. d4 cxd4 4. Nxd4 Nf6 5. Nc3 g6 6. Be3 Bg7 7. f3 0-0 8. Qd2 Nc6 9. Bc4 Nd7 10. h4 Nb6 11. Bb3 Na5 12. Qe2 Nxb3 13. axb3 d5 14. e5 Bxe5 15. Ndb5 Bg3+ 16. Bf2 Bxf2+ 17. Kxf2 a6 18. Nd4 Qd6 19. Rae1 Re8 20. Qe3 Bd7 21. h5 e5 22. hxg6 Qxg6 23. Rh6 Qg7 24. Nf5 Bxf5 25. Qxb6 Qg5 26. Re2 Rad8 27. Rd6 Rxd6 28. Qxd6 Qh4+ 29. Kg1 Qd4+ 30. Kf1 Re6 31. Qxd5 Qxd5 32. Nxd5 f6 33. Ne3 Bg6 34. Rd2 Kf7 35. Rd7+ Re7 36. Rd6 Re6 37. Rd7+ Re7 38. Rd6 Re6 39. Rd7+ 1/2-1/2

[Event "Saratov SGSEU-ch op"]
[Site "Saratov"]
[Date "2008.09.25"]
[Round "8"]
[White "Iljushina, Olga"]
[Black "Makalov, Denis"]
[Result "1-0"]
[WhiteElo "2280"]
[BlackElo "2185"]
[PlyCount "219"]
[EventDate "2008.09.10"]
[EventType "swiss"]
[EventRounds "9"]
[EventCountry "RUS"]
[SourceTitle "EXT 2022"]
[Source "ChessBase"]
[SourceDate "2021.10.06"]
[SourceVersion "1"]
[SourceVersionDate "2021.10.06"]
[SourceQuality "1"]

1. d4 Nf6 2. c4 g6 3. Nc3 Bg7 4. g3 0-0 5. Bg2 c6 6. e4 d6 7. Nge2 Nbd7 8. 0-0 e5 9. h3 exd4 10. Nxd4 Re8 11. Be3 Nc5 12. Qc2 Qe7 13. Rfe1 a5 14. Rad1 Bd7 15. f3 Rad8 16. a3 Nh5 17. g4 Nf6 18. b4 axb4 19. axb4 Ne6 20. Nde2 Nc7 21. Ng3 Be6 22. Nce2 Nd7 23. f4 f5 24. exf5 Bxf5 25. Nxf5 gxf5 26. Ng3 fxg4 27. Nf5 Qf8 28. hxg4 Re6 29. g5 Rde8 30. Bf2 Rxe1+ 31. Bxe1 Re6 32. Nxg7 Qxg7 33. Bc3 Qe7 34. Qd3 Re2 35. Kf1 Re3 36. Qd4 Nf8 37. Qh8+ Kf7 38. Qg7+ Ke8 39. Qxe7+ Kxe7 40. Bf6+ Kd7 41. Kf2 Rb3 42. Be4 Rxb4 43. Bf5+ Nce6 44. Be5 Rxc4 45. Bxd6 Ke8 46. Re1 Kf7 47. Bb1 Rd4 48. Be5 Ra4 49. Kg3 Ng6 50. Bd6 Rd4 51. Bb8 Rd8 52. Ba2 Rxb8 53. Rxe6 Kg7 54. f5 Nf8 55. Re7+ Kh8 56. Bb1 c5 57. g6 hxg6 58. fxg6 Nxg6 59. Bxg6 b5 60. Kf4 c4 61. Rc7 Kg8 62. Ke3 Rd8 63. Bf5 Kf8 64. Be4 Re8 65. Kd4 Re7 66. Rc5 Kg7 67. Rxb5 Rc7 68. Kc3 Kf6 69. Bd5 Ke5 70. Bxc4+ Ke4 71. Kb4 Kd4 72. Rd5+ Ke4 73. Kc3 Rc8 74. Rd6 Ke5 75. Re6+ Kf5 76. Re1 Rd8 77. Bb3 Kf6 78. Kc4 Kf5 79. Kc5 Kf6 80. Bd5 Rc8+ 81. Kd4 Rh8 82. Re6+ Kf5 83. Re7 Rh4+ 84. Be4+ Kf6 85. Re8 Rh2 86. Kc5 Kf7 87. Re5 Kf6 88. Kd6 Rd2+ 89. Bd5 Rd4 90. Re8 Rd1 91. Rf8+ Kg7 92. Rf4 Ra1 93. Ke5 Re1+ 94. Be4 Re2 95. Ke6 Ra2 96. Rg4+ Kf8 97. Bd3 Rb2 98. Bc4 Rb6+ 99. Ke5 Ke7 100. Rg7+ Kd8 101. Bd3 Rh6 102. Bf5 Ra6 103. Rd7+ Ke8 104. Be6 Ra1 105. Rc7 Kd8 106. Rb7 Ra5+ 107. Kf6 Ra6 108. Rd7+ Ke8 109. Rc7 Kd8 110. Rc8# 1-0

[Event "Saratov region op"]
[Site "Saratov"]
[Date "2008.06.05"]
[Round "7"]
[White "Abramov, Leonid"]
[Black "Makalov, Denis"]
[Result "1-0"]
[WhiteElo "2349"]
[BlackElo "2169"]
[PlyCount "75"]
[EventDate "2008.05.30"]
[EventType "swiss"]
[EventRounds "9"]
[EventCountry "RUS"]
[SourceTitle "CBM 124 Extra"]
[Source "ChessBase"]
[SourceDate "2008.07.03"]
[SourceVersion "1"]
[SourceVersionDate "2008.07.03"]
[SourceQuality "1"]

1. e4 c5 2. c3 d6 3. d4 Nf6 4. d5 g6 5. Bg5 Bg7 6. Nd2 0-0 7. a4 Na6 8. Bd3 Nc7 9. Ne2 a6 10. a5 Rb8 11. Nc4 Na8 12. Ng3 b5 13. axb6 Nxb6 14. Na5 Qc7 15. Qe2 e6 16. dxe6 fxe6 17. Bxa6 Bxa6 18. Qxa6 Ra8 19. Qe2 d5 20. 0-0 Nbd7 21. exd5 Rxa5 22. Rxa5 Qxa5 23. dxe6 Re8 24. Ne4 Rxe6 25. Nxf6+ Rxf6 26. Bxf6 Nxf6 27. Qe6+ Kh8 28. Qc8+ Ng8 29. Re1 h6 30. h4 Kh7 31. h5 gxh5 32. Re8 Qa1+ 33. Kh2 Qa2 34. Qf5+ Kh8 35. Qxh5 Qc4 36. Qf5 Qh4+ 37. Kg1 Qc4 38. Rc8 1-0

[Event "Saratov Rating 05-A"]
[Site "Saratov"]
[Date "2008.05.19"]
[Round "6"]
[White "Makalov, Denis"]
[Black "Dudin, Denis"]
[Result "1/2-1/2"]
[WhiteElo "2169"]
[BlackElo "2162"]
[PlyCount "44"]
[EventDate "2008.05.13"]
[EventType "tourn"]
[EventRounds "10"]
[EventCountry "RUS"]
[SourceTitle "EXT 2022"]
[Source "ChessBase"]
[SourceDate "2021.10.06"]
[SourceVersion "1"]
[SourceVersionDate "2021.10.06"]
[SourceQuality "1"]

1. e4 c5 2. Nf3 d6 3. d4 cxd4 4. Nxd4 Nf6 5. Nc3 g6 6. Be3 Bg7 7. f3 0-0 8. Qd2 Nc6 9. 0-0-0 d5 10. exd5 Nxd5 11. Nxc6 bxc6 12. Bd4 e5 13. Bc5 Be6 14. Ne4 Re8 15. h4 Nf4 16. Qxd8 Rexd8 17. Rxd8+ Rxd8 18. Be7 Rb8 19. Nf6+ Kh8 20. Bd6 Rd8 21. Be7 Rb8 22. Bd6 Rd8 1/2-1/2

[Event "Saratov Rating 05-A"]
[Site "Saratov"]
[Date "2008.05.13"]
[Round "1"]
[White "Dudin, Denis"]
[Black "Makalov, Denis"]
[Result "1/2-1/2"]
[WhiteElo "2162"]
[BlackElo "2169"]
[PlyCount "33"]
[EventDate "2008.05.13"]
[EventType "tourn"]
[EventRounds "10"]
[EventCountry "RUS"]
[SourceTitle "EXT 2022"]
[Source "ChessBase"]
[SourceDate "2021.10.06"]
[SourceVersion "1"]
[SourceVersionDate "2021.10.06"]
[SourceQuality "1"]

1. d4 d5 2. c4 e6 3. Nc3 Nf6 4. Bg5 c6 5. e3 Nbd7 6. Nf3 Be7 7. Bd3 0-0 8. 0-0 dxc4 9. Bxc4 Nd5 10. Bxe7 Qxe7 11. Rc1 Nxc3 12. Rxc3 e5 13. dxe5 Nxe5 14. Nxe5 Qxe5 15. Qd4 Qe7 16. Rd3 Bf5 17. Qd6 1/2-1/2

[Event "RUS-ch U26"]
[Site "Novokuznetsk"]
[Date "2007.10.23"]
[Round "2"]
[White "Lavrov, Maxim"]
[Black "Makalov, Denis"]
[Result "1-0"]
[WhiteElo "2346"]
[BlackElo "2205"]
[PlyCount "51"]
[EventDate "2007.10.22"]
[EventType "swiss"]
[EventRounds "9"]
[EventCountry "RUS"]
[SourceTitle "EXT 2009"]
[Source "ChessBase"]
[SourceDate "2008.11.26"]
[SourceVersion "1"]
[SourceVersionDate "2008.11.26"]
[SourceQuality "1"]

1. e4 c5 2. c3 Nc6 3. d4 d6 4. dxc5 Nf6 5. Qe2 dxc5 6. Nf3 e5 7. g3 g6 8. Bg2 Bg7 9. 0-0 0-0 10. Na3 a6 11. Nc4 Qc7 12. a4 Be6 13. Nfd2 b6 14. f4 exf4 15. gxf4 Rae8 16. e5 Nd7 17. Nd6 Re7 18. Qxa6 Ncb8 19. Qd3 Kh8 20. N2e4 f6 21. Nb5 Qd8 22. Rd1 Bf5 23. exf6 Bxf6 24. Nbd6 Bxe4 25. Nxe4 Bg7 26. Be3 1-0

[Event "RUS-ch U18"]
[Site "Dagomys"]
[Date "2004.04.??"]
[Round "1"]
[White "Makalov, Denis"]
[Black "Kostin, Konstantin"]
[Result "0-1"]
[WhiteElo "2105"]
[BlackElo "2300"]
[PlyCount "70"]
[EventDate "2004.04.??"]
[EventType "swiss"]
[EventRounds "10"]
[EventCountry "RUS"]
[SourceTitle "EXT 2005"]
[Source "ChessBase"]
[SourceDate "2004.11.15"]
[SourceVersion "1"]
[SourceVersionDate "2004.11.15"]
[SourceQuality "1"]

1. e4 c5 2. Nf3 d6 3. d4 cxd4 4. Nxd4 Nf6 5. Nc3 a6 6. f3 e5 7. Nb3 Be6 8. Be3 Be7 9. Qd2 0-0 10. 0-0-0 Qc7 11. g4 Rc8 12. Kb1 Nbd7 13. g5 Nh5 14. Nd5 Bxd5 15. exd5 Nb6 16. Bxb6 Qxb6 17. Bh3 Rc7 18. Bg4 Nf4 19. h4 a5 20. Bf5 a4 21. Nc1 Ra5 22. Be4 Rcc5 23. Nd3 a3 24. b3 Rxd5 25. Bxd5 Rxd5 26. Qf2 Qxf2 27. Nxf2 Ra5 28. Rd2 f6 29. Rg1 Kf7 30. c4 d5 31. cxd5 Nxd5 32. Nd3 Nc3+ 33. Kc1 Rd5 34. Rg4 Nxa2+ 35. Kc2 b5 0-1